Dân tộc học.

Na minha lista:
Detalhes bibliográficos
Formato: Periódico
Idioma:Vietnamese
Publicado em: Hà Nội.
Tags: Adicionar Tag
Sem tags, seja o primeiro a adicionar uma tag!
Thư viện lưu trữ: Mạng thư viện Đại học Đà Nẵng
LEADER 00580cas a2200265 i 4500
001 000049810
003 9902
005 20040811101231.0
008 010421b vm 000 vie
022 |a 0866-7632 
040 |a IRC  |c IRC  |d IRC 
041 0 |a vie 
082 1 4 |a 305.8  |b Dâ-T 
245 0 0 |a Dân tộc học. 
260 |a Hà Nội. 
300 |c 26,5cm. 
OWN |a DUT 
999 |a From the UDN01 
TYP |a Printed language 
980 |a Mạng thư viện Đại học Đà Nẵng